000 00610nam a2200205Ia 4500
003 LC
005 20151203150237.0
008 140512s9999 xx 000 0 und d
020 _a9780198392132
050 _aQC 32
_b.H766 2014
100 _aHomer, David.
245 _aPhysics :
_bcourse companion
_cDavid Homer and Michael Bowen Jones
250 _a2014 edition
260 _aUnited Kingdom :
_bOxford University Press,
_cc2014.
300 _a698 pages. :
_bcol. Ill. ;
_c28 cm.
500 _aIncludes index.
650 _aPhysics
_xExaminations -- Study guide
942 _cBK
_2lcc
999 _c116682
_d116682